Sąsiedzi Chin - Statystyki

Ogólne statystyki
  • Ten quiz został rozwiązany 364 razy
  • Średni wynik to 11 z 14
Statystyki odpowiedzi
Długość granicy Państwo % Poprawnych
4250 km Rosja
98%
4677 km Mongolia
94%
1416 km Korea Północna
93%
3380 km Indie
92%
1533 km Kazachstan
87%
1281 km Wietnam
81%
523 km Pakistan
75%
423 km Laos
73%
1236 km Nepal
73%
858 km Kirgistan
70%
414 km Tadżykistan
70%
76 km Afganistan
68%
470 km Bhutan
65%
2185 km Birma
45%
Nie znaleziono quizów pasujących do podanych kryteriów
Rozkład punktacji
Procent ludzi z każdym wynikiem
Percentyl według liczby udzielonych odpowiedzi
Twoja historia wyników
Nie rozwiązałeś tego quizu